Mariano Marcos State University

University Library System

Utilization of different weed species as green manure material for hybrid rice (var NSIC Rc 124H) in San Fernando soil series (Record no. 9583)

MARC details
000 -LEADER
fixed length control field 00679nam a22001697a 4500
003 - CONTROL NUMBER IDENTIFIER
control field OSt
005 - DATE AND TIME OF LATEST TRANSACTION
control field 20171010095448.0
008 - FIXED-LENGTH DATA ELEMENTS--GENERAL INFORMATION
fixed length control field 120621t xxu||||| |||| 00| 0 eng d
040 ## - CATALOGING SOURCE
Original cataloging agency MMSU
Transcribing agency ULS
100 ## - MAIN ENTRY--PERSONAL NAME
Personal name Dadufalza, Reynald L.
9 (RLIN) 10579
245 ## - TITLE STATEMENT
Title Utilization of different weed species as green manure material for hybrid rice (var NSIC Rc 124H) in San Fernando soil series
Statement of responsibility, etc. Reynald L. Dadufalza
260 ## - PUBLICATION, DISTRIBUTION, ETC.
Date of publication, distribution, etc. 2007
300 ## - PHYSICAL DESCRIPTION
Extent xv, 70 leaves
Dimensions 28 cm.
500 ## - GENERAL NOTE
General note Thesis (BS Agriculture-Soil Science) -- Mariano Marcos State University-College of Agriculture, Food and Sustainable Development, Batac City
504 ## - BIBLIOGRAPHY, ETC. NOTE
Bibliography, etc. note Bibliography: leaves 44-45
942 ## - ADDED ENTRY ELEMENTS (KOHA)
Source of classification or shelving scheme
Koha item type Thesis/Dissertation
Holdings
Withdrawn status Lost status Source of classification or shelving scheme Damaged status Not for loan Home library Current library Date acquired Total Checkouts Barcode Date last seen Price effective from Koha item type Public note
          REF REF 06/21/2012   3416-Un 10/10/2017 10/10/2017 Thesis/Dissertation Library Use only

© 2023 Mariano Marcos State University. All Rights Reserved.

Powered by Koha